[Event "LXV C.to Italiano"]
[Site "Cremona ITA"]
[Date "2005.11.28"]
[Round "6"]
[White "Contin, Daniel"]
[Black "Arlandi, Ennio"]
[Result "1/2-1/2"]
[WhiteElo "2385"]
[BlackElo "2439"]
[PlyCount "88"]
[EventDate "2005.11.23"]

1.c4 e5 2.e3 Nf6 3.d4 exd4 4.exd4 d5 5.Nc3 Be7 6.Nf3 O-O 7.cxd5 Nxd5 8.Bd3
Nc6 9.h3 Be6 10.O-O Bf6 11.Ne4 Bf5 12.Qb3 Nb6 13.Nxf6+ Qxf6 14.Bg5 Qg6 15.
Nh4 Qxg5 16.Nxf5 Rad8 17.Be4 g6 18.Qe3 Qxe3 19.Nxe3 Rxd4 20.Bxc6 bxc6 21.
Rfc1 Rd6 22.b3 f5 23.Rc5 Rff6 24.Ra5 Nc8 25.Rc1 Kf8 26.Ra6 Ke8 27.Nc4 Rde6
28.Ra5 f4 29.Rc2 f3 30.g4 h5 31.Ne3 hxg4 32.Nxg4 Rf5 33.Rcc5 Ne7 34.Rxf5 
Nxf5 35.Rxa7 Kd7 36.Kh2 Re2 37.Ra8 c5 38.Ra5 Kd6 39.Ra8 Kd5 40.Ra4 g5 41.
Nf6+ Ke6 42.Ra6+ Ke5 43.Ng4+ Kd4 44.Rf6 Ke4 1/2-1/2

[Event "LXV C.to Italiano"]
[Site "Cremona ITA"]
[Date "2005.11.28"]
[Round "6"]
[White "Piscopo, Pierluigi"]
[Black "Rossi, Carlo"]
[Result "1-0"]
[WhiteElo "2399"]
[BlackElo "2357"]
[PlyCount "47"]
[EventDate "2005.11.23"]

1.e4 e5 2.Nf3 d6 3.d4 exd4 4.Nxd4 Nf6 5.Nc3 Be7 6.Bf4 O-O 7.Qd2 Nc6 8.
O-O-O Nxd4 9.Qxd4 Be6 10.f3 Nd7 11.Qe3 Bf6 12.Kb1 Re8 13.g4 g6 14.h4 Ne5 
15.Bg5 Nc4 16.Bxc4 Bxc4 17.e5 Rxe5 18.Qf4 Rxg5 19.hxg5 Bxc3 20.bxc3 Be6 
21.Rh6 Kf8 22.Rxh7 Ke7 23.Re1 Qe8 24.Qf6+ 1-0

[Event "LXV C.to Italiano"]
[Site "Cremona ITA"]
[Date "2005.11.28"]
[Round "6"]
[White "Ronchetti, Niccolo'"]
[Black "Borgo, Giulio"]
[Result "1-0"]
[WhiteElo "2402"]
[BlackElo "2408"]
[PlyCount "67"]
[EventDate "2005.11.23"]

1.e4 c5 2.Nf3 Nc6 3.Bb5 g6 4.O-O Bg7 5.c3 Nf6 6.e5 Nd5 7.d4 cxd4 8.cxd4 a6
9.Bc4 Nb6 10.Bb3 O-O 11.Bf4 d6 12.exd6 exd6 13.Nc3 Bg4 14.h3 Bxf3 15.Qxf3 
Qd7 16.d5 Ne5 17.Qg3 Qe7 18.Rfe1 Rfe8 19.Bd2 Qd8 20.Ne4 h6 21.Ba5 f5 22.
Nd2 g5 23.f4 Ned7 24.Re6 Qc7 25.Bb4 Nc5 26.fxg5 Nxe6 27.dxe6 Bd4+ 28.Kh1 
Qg7 29.Nf3 Bxb2 30.Rd1 Be5 31.Nxe5 dxe5 32.Rd6 f4 33.e7+ Kh8 34.Qh4 1-0

[Event "LXV C.to Italiano"]
[Site "Cremona ITA"]
[Date "2005.11.28"]
[Round "6"]
[White "Scalcione, Michelangelo"]
[Black "Godena, Michele"]
[Result "1/2-1/2"]
[WhiteElo "2284"]
[BlackElo "2502"]
[PlyCount "34"]
[EventDate "2005.11.23"]

1.d4 Nf6 2.Nf3 d5 3.c4 e6 4.Nc3 Bb4 5.cxd5 exd5 6.Bg5 c5 7.e3 O-O 8.Be2 
Nbd7 9.O-O Bxc3 10.bxc3 Qa5 11.Nd2 h6 12.Bh4 cxd4 13.cxd4 b6 14.Nb3 Qa4 
15.Nd2 Qa5 16.Nb3 Qa4 17.Nd2 Qa5 1/2-1/2

[Event "LXV C.to Italiano"]
[Site "Cremona ITA"]
[Date "2005.11.30"]
[Round "7"]
[White "Arlandi, Ennio"]
[Black "Scalcione, Michelangelo"]
[Result "1-0"]
[WhiteElo "2439"]
[BlackElo "2284"]
[PlyCount "57"]
[EventDate "2005.11.23"]

1.d4 d6 2.Nf3 Nf6 3.c4 g6 4.Nc3 Bf5 5.d5 Bg7 6.Nd4 Bd7 7.e4 c5 8.Nc2 O-O 
9.Be2 a6 10.a4 a5 11.f4 Na6 12.O-O Nb4 13.Ne3 Ne8 14.Kh1 e6 15.g4 Nc7 16.
f5 Bd4 17.Ng2 exf5 18.exf5 gxf5 19.gxf5 Re8 20.Ra3 Re5 21.Bf4 Bxf5 22.Bxe5
Bc2 23.Bxd4 Bxd1 24.Bf6 Bxe2 25.Bxd8 Bxf1 26.Bxc7 Bxc4 27.Ne3 Bd3 28.Bxd6 
c4 29.Ra1 1-0

[Event "LXV C.to Italiano"]
[Site "Cremona ITA"]
[Date "2005.11.30"]
[Round "7"]
[White "Borgo, Giulio"]
[Black "Contin, Daniel"]
[Result "0-1"]
[WhiteElo "2408"]
[BlackElo "2385"]
[PlyCount "96"]
[EventDate "2005.11.23"]

1.d4 Nf6 2.Nf3 g6 3.c4 Bg7 4.Nc3 d5 5.Bg5 Ne4 6.cxd5 Nxg5 7.Nxg5 e6 8.Nf3 
exd5 9.e3 O-O 10.Be2 c6 11.h3 Qe7 12.O-O f5 13.Re1 Nd7 14.Bf1 Nf6 15.Ne5 
Ne4 16.Nd3 Kh8 17.Rc1 Bd7 18.Qb3 Be8 19.Rc2 Rf6 20.Nd1 Bf8 21.f3 Nd6 22.
N1f2 Bf7 23.Ne5 Bg8 24.g3 g5 25.Bd3 Be6 26.Kg2 Bg7 27.Qb4 Re8 28.Rh1 Rh6 
29.Qc3 Rf8 30.Re2 Bc8 31.a4 Re6 32.h4 Rh6 33.hxg5 Rxh1 34.Kxh1 Qxg5 35.Kg2
Bf6 36.f4 Qg7 37.Qe1 Rg8 38.Nh1 Ne4 39.Bxe4 fxe4 40.Kg1 Bxe5 41.dxe5 Bg4 
42.Rh2 Bf3 43.Rh3 Qd7 44.Nf2 d4 45.e6 Qxe6 46.exd4 e3 47.Kh2 Rg6 48.Nd3 
Qxh3+ 0-1

[Event "LXV C.to Italiano"]
[Site "Cremona ITA"]
[Date "2005.11.30"]
[Round "7"]
[White "Bruno, Fabio"]
[Black "Ronchetti, Niccolo'"]
[Result "1/2-1/2"]
[WhiteElo "2417"]
[BlackElo "2402"]
[PlyCount "152"]
[EventDate "2005.11.23"]

1.d4 Nf6 2.Bf4 e6 3.e3 b6 4.Nf3 Bb7 5.h3 c5 6.Nbd2 Be7 7.c3 O-O 8.Bd3 Nc6 
9.O-O Re8 10.Qe2 Rc8 11.dxc5 Bxc5 12.e4 e5 13.Bh2 g6 14.Rad1 Qe7 15.Rfe1 
Bd6 16.Ba6 Bxa6 17.Qxa6 Bb8 18.Nc4 Qc5 19.Na3 Rcd8 20.Qc4 Qxc4 21.Nxc4 
Nxe4 22.Ncxe5 Nxe5 23.Rxe4 Nxf3+ 24.gxf3 Bxh2+ 25.Kxh2 Kf8 26.Kg3 Re6 27.
Rd2 Ke7 28.Rd5 Rc8 29.h4 h5 30.Ra4 Rc7 31.a3 Re2 32.Re4+ Rxe4 33.fxe4 Ke6 
34.Kf4 f6 35.Ke3 f5 36.f3 Rc4 37.Kf4 d6 38.Rd4 Rc5 39.a4 Ra5 40.b3 Rc5 41.
c4 a5 42.Rd1 Re5 43.Rg1 Kf6 44.Rg2 Rc5 45.Rd2 Ke6 46.Rd1 Re5 47.Ke3 fxe4 
48.f4 Rc5 49.Kxe4 Rf5 50.Re1 Kf6 51.Rb1 Rc5 52.Rd1 Ke6 53.Rd2 Rf5 54.Rd5 
Rxd5 55.cxd5+ Kf6 56.Ke3 Kf5 57.Kf3 Kf6 58.Ke4 Kf7 59.f5 Kf6 60.fxg6 Kxg6 
61.Kf4 Kf6 62.Ke4 Kg6 63.Kd4 Kf5 64.Kc4 Ke4 65.Kb5 Kxd5 66.Kxb6 Ke4 67.
Kxa5 d5 68.Kb4 d4 69.a5 d3 70.a6 d2 71.a7 d1=Q 72.a8=Q+ Kf4 73.Qa4 Kg3 74.
Kc5 Qc2+ 75.Qc4 Qxc4+ 76.bxc4 Kxh4 1/2-1/2

[Event "LXV C.to Italiano"]
[Site "Cremona ITA"]
[Date "2005.11.30"]
[Round "7"]
[White "Godena, Michele"]
[Black "Piscopo, Pierluigi"]
[Result "1-0"]
[WhiteElo "2502"]
[BlackElo "2399"]
[PlyCount "172"]
[EventDate "2005.11.23"]

1.e4 c5 2.Nf3 e6 3.c3 d5 4.exd5 exd5 5.d4 a6 6.Be2 Bd6 7.dxc5 Bxc5 8.O-O 
Ne7 9.Nbd2 O-O 10.Nb3 Bb6 11.Bd3 h6 12.h3 Nbc6 13.Re1 Nf5 14.Bc2 d4 15.
Bxf5 Bxf5 16.Nfxd4 Bxd4 17.Nxd4 Nxd4 18.cxd4 Re8 19.Rxe8+ Qxe8 20.Be3 Rd8 
21.Qf3 Be4 22.Qg3 Qe6 23.Re1 Qg6 24.Qxg6 Bxg6 25.Rc1 Be4 26.a3 Bc6 27.f3 
Rd5 28.Kf2 g5 29.Rh1 f5 30.Rd1 f4 31.Bc1 a5 32.g3 fxg3+ 33.Kxg3 Kf7 34.f4 
Kf6 35.Bd2 Kg6 36.Bc3 a4 37.Re1 Rf5 38.Re6+ Kf7 39.Rxh6 gxf4+ 40.Kg4 Be4 
41.Rh7+ Kg6 42.Re7 f3 43.Be1 Bd5 44.Bf2 Rg5+ 45.Kf4 Rf5+ 46.Kg4 Rg5+ 47.
Kf4 Rf5+ 48.Ke3 Bc6 49.Re6+ Kf7 50.Re5 Kg6 51.Rxf5 Kxf5 52.Kd3 b5 53.Kc3 
Ke6 54.h4 Be8 55.Kd3 Kf5 56.Ke3 Bh5 57.Bg3 Kg4 58.Be1 Kf5 59.Kd3 Be8 60.
Ke3 Bh5 61.Bc3 Kg4 62.Be1 Kf5 63.Bf2 Be8 64.Kxf3 Bh5+ 65.Ke3 Bf7 66.Kd3 
Be8 67.Be1 Bd7 68.Kc3 Ke4 69.h5 Kd5 70.h6 Bf5 71.Bf2 Bg6 72.Bg1 Bf5 73.Kb4
Kc6 74.Kc3 Kd5 75.Bh2 Bg6 76.Be5 Bf5 77.Kd2 Ke4 78.Ke2 Bh7 79.Kf2 Bg8 80.
Kg3 Kf5 81.Bg7 Ke4 82.Kg4 Bh7 83.Kg5 Kd5 84.Kf6 Kxd4 85.Kf7+ Kc4 86.Bc3 
Kd5 1-0

[Event "LXV C.to Italiano"]
[Site "Cremona ITA"]
[Date "2005.11.30"]
[Round "7"]
[White "Pizzuto, Samuele Tullio"]
[Black "Cacco, Christian"]
[Result "0-1"]
[WhiteElo "2219"]
[BlackElo "2393"]
[PlyCount "116"]
[EventDate "2005.11.23"]

1.d4 c5 2.d5 e6 3.e4 exd5 4.exd5 d6 5.Nc3 Ne7 6.Bb5+ Bd7 7.a4 Nf5 8.Nf3 h5
9.O-O Be7 10.Re1 Bxb5 11.axb5 O-O 12.Qd3 g6 13.Ne4 Nd7 14.Bf4 Re8 15.h3 h4
16.b3 Nf6 17.Nfg5 Nh5 18.Bd2 Bf8 19.g4 hxg3 20.fxg3 Nf6 21.g4 Nd4 22.Nxf6+
Qxf6 23.Rf1 Ne2+ 24.Kg2 Qd4 25.Nxf7 Qxd3 26.cxd3 Nd4 27.Ng5 Re2+ 28.Rf2 
Rxf2+ 29.Kxf2 Nxb3 30.Ra2 Nxd2 31.Rxd2 Bh6 32.h4 a5 33.bxa6 bxa6 34.Ra2 
Bxg5 35.hxg5 a5 36.Ra4 Kf7 37.Ke3 Ke7 38.Kd2 Kd7 39.Kc3 Kc7 40.Kb3 Re8 41.
Rf4 Re5 42.Kc4 Rxg5 43.d4 cxd4 44.Rf7+ Kb6 45.Rf6 d3 46.Kxd3 Kc5 47.Rf4 
Rxd5+ 48.Kc3 Kb5 49.Rf6 g5 50.Rg6 a4 51.Rg8 Rc5+ 52.Kb2 Kb4 53.Ka2 Re5 54.
Rb8+ Kc3 55.Rd8 d5 56.Ka3 d4 57.Rc8+ Kd2 58.Rf8 Re4 0-1

[Event "LXV C.to Italiano"]
[Site "Cremona ITA"]
[Date "2005.12.01"]
[Round "8"]
[White "Cacco, Christian"]
[Black "Rossi, Carlo"]
[Result "1-0"]
[WhiteElo "2393"]
[BlackElo "2357"]
[PlyCount "95"]
[EventDate "2005.11.23"]

1.d4 b6 2.e4 Bb7 3.Bd3 Nf6 4.Qe2 Nc6 5.c3 e5 6.d5 Ne7 7.h4 c6 8.c4 Ng6 9.
g3 h5 10.Bg5 Bb4+ 11.Nc3 b5 12.dxc6 dxc6 13.Nf3 Qd7 14.cxb5 O-O 15.Rd1 
cxb5 16.Bxb5 Qc8 17.Nd2 Bxc3 18.bxc3 Qxc3 19.O-O Ng4 20.f3 Qc5+ 21.Kg2 Nf6
22.Nb3 Qa3 23.Bc1 Qb4 24.Qc4 Qxc4 25.Bxc4 Rac8 26.Bd3 Rfd8 27.Bb1 Ba6 28.
Rxd8+ Rxd8 29.Re1 Ne7 30.Na5 Bb5 31.Be3 Nc8 32.Rc1 Nb6 33.Rc5 Bd3 34.Nc6 
Rd6 35.Bc2 Nfd7 36.Rc3 Bc4 37.Nxa7 Bxa2 38.Nb5 Rg6 39.Bd3 Kh7 40.Kf2 Nf8 
41.f4 Nbd7 42.Ra3 Be6 43.f5 Rf6 44.Bg5 Nc5 45.Bxf6 Nxd3+ 46.Rxd3 Bc4 47.
Rd8 Bxb5 48.Rxf8 1-0

[Event "LXV C.to Italiano"]
[Site "Cremona ITA"]
[Date "2005.12.01"]
[Round "8"]
[White "Manca, Federico"]
[Black "Godena, Michele"]
[Result "0-1"]
[WhiteElo "2408"]
[BlackElo "2502"]
[PlyCount "58"]
[EventDate "2005.11.23"]

1.e4 e5 2.Nf3 Nc6 3.d4 exd4 4.Nxd4 Bc5 5.Be3 Qf6 6.c3 Nge7 7.Bc4 b6 8.O-O 
O-O 9.f4 d5 10.e5 Qh6 11.Be2 Nxe5 12.Qd2 Nc4 13.Bxc4 dxc4 14.f5 Qh5 15.f6 
Nd5 16.Na3 Bd6 17.Nf3 Nxf6 18.Nxc4 Ba6 19.Nxd6 Bxf1 20.Rxf1 Rad8 21.Bf4 
cxd6 22.Nd4 Rfe8 23.h3 Ne4 24.Qd3 Rc8 25.Kh2 Qd5 26.a3 Ng5 27.Bxg5 Qxg5 
28.Rf5 Qe3 29.Qb5 g6 0-1

[Event "LXV C.to Italiano"]
[Site "Cremona ITA"]
[Date "2005.12.01"]
[Round "8"]
[White "Scalcione, Michelangelo"]
[Black "Piscopo, Pierluigi"]
[Result "0-1"]
[WhiteElo "2284"]
[BlackElo "2399"]
[PlyCount "104"]
[EventDate "2005.11.23"]

1.Nf3 Nf6 2.c4 g6 3.Nc3 Bg7 4.e4 d6 5.d4 O-O 6.Be2 c5 7.O-O Nc6 8.d5 Na5 
9.Bf4 Nh5 10.Bg5 h6 11.Bd2 e5 12.g3 Bh3 13.Re1 Kh7 14.Kh1 Bd7 15.Nb5 Bg4 
16.Nh4 Bxe2 17.Qxe2 b6 18.Ng2 a6 19.Nc3 Qd7 20.Ne3 Nf6 21.g4 Rab8 22.f3 b5
23.Ncd1 Nxc4 24.Nxc4 bxc4 25.Bc3 Ne8 26.Ne3 Nc7 27.a4 Bf6 28.f4 Bh4 29.
fxe5 Bxe1 30.Qxe1 dxe5 31.Bxe5 f6 32.Bc3 Rbe8 33.e5 fxe5 34.Rd1 Rf4 35.Qg3
Rd4 36.Rf1 Rd3 37.g5 Nxd5 38.Qh4 h5 39.Qxc4 Rxe3 40.Rd1 Qg4 41.Qxg4 hxg4 
42.Rxd5 Re2 43.Kg1 Re7 44.a5 Re6 45.Kf1 Rxh2 46.Bxe5 Rc2 47.Bc3 Kg8 48.Bf6
g3 49.Rd8+ Kf7 50.Rd7+ Kf8 51.Rd8+ Re8 52.Rd1 Re4 0-1

[Event "LXV C.to Italiano"]
[Site "Cremona ITA"]
[Date "2005.12.02"]
[Round "9"]
[White "Borgo, Giulio"]
[Black "Scalcione, Michelangelo"]
[Result "1-0"]
[WhiteElo "2408"]
[BlackElo "2284"]
[PlyCount "49"]
[EventDate "2005.11.23"]

1.e4 e5 2.Nf3 d6 3.d4 exd4 4.Nxd4 Nf6 5.Nc3 Be7 6.Nde2 Nc6 7.g3 h5 8.h3 
Ne5 9.Bg2 c6 10.f4 Ng6 11.Be3 Bd7 12.Nd4 Qc8 13.Qd3 b5 14.Nf5 Bxf5 15.exf5
Nf8 16.O-O-O N8d7 17.Bf3 d5 18.g4 Nc5 19.Bxc5 Bxc5 20.g5 Nd7 21.Rhe1+ Kf8 
22.Nxd5 cxd5 23.Bxd5 Rb8 24.Bxf7 Kxf7 25.Qd5+ 1-0

[Event "LXV C.to Italiano"]
[Site "Cremona ITA"]
[Date "2005.12.02"]
[Round "9"]
[White "Bruno, Fabio"]
[Black "Arlandi, Ennio"]
[Result "0-1"]
[WhiteElo "2417"]
[BlackElo "2439"]
[PlyCount "94"]
[EventDate "2005.11.23"]

1.d4 Nf6 2.Nf3 g6 3.g3 Bg7 4.Bg2 O-O 5.O-O d5 6.c4 dxc4 7.Na3 c3 8.bxc3 c5
9.Ne5 Nc6 10.Nac4 Nd5 11.Bb2 Be6 12.Nxc6 bxc6 13.Rc1 Nf4 14.gxf4 Bxc4 15.
Ba3 cxd4 16.cxd4 Bxa2 17.Qd2 Bd5 18.Bxd5 cxd5 19.Rc6 Qd7 20.Rc3 Rfc8 21.
Bc5 a5 22.h3 Bf6 23.Qd3 h5 24.Ra3 e6 25.Qe3 Rcb8 26.Rfa1 Rb5 27.R1a2 Kh7 
28.Qd3 Qb7 29.Qd2 Bd8 30.f5 exf5 31.Bf8 Kg8 32.Qh6 Bf6 33.Bc5 Rb2 34.Kg2 
Rxa2 35.Rxa2 Qb1 36.Qd2 a4 37.f3 Qb7 38.Rb2 Qc7 39.Qb4 h4 40.Bd6 Qc4 41.
Qb7 Re8 42.Be5 Bxe5 43.dxe5 a3 44.Rd2 Qf4 45.Rxd5 Qg3+ 46.Kf1 Qxh3+ 47.Ke1
a2 0-1

[Event "LXV C.to Italiano"]
[Site "Cremona ITA"]
[Date "2005.12.02"]
[Round "9"]
[White "Godena, Michele"]
[Black "Cacco, Christian"]
[Result "1-0"]
[WhiteElo "2502"]
[BlackElo "2393"]
[PlyCount "111"]
[EventDate "2005.11.23"]

1.e4 g6 2.d4 Bg7 3.Nf3 d6 4.c3 Nf6 5.Bd3 Nc6 6.O-O O-O 7.Re1 e5 8.h3 a6 9.
Na3 Re8 10.Bd2 Nh5 11.Nc2 Nf4 12.Bf1 h6 13.Kh2 Ne7 14.Ne3 exd4 15.cxd4 d5 
16.e5 h5 17.Nf5 Nxf5 18.Bxf4 Bh6 19.Qd2 Kg7 20.Rac1 c6 21.Bd3 Bxf4+ 22.
Qxf4 Nh6 23.Qf6+ Kg8 24.Qf4 Kg7 25.Ng5 Be6 26.Rc3 Qe7 27.Bc2 Rh8 28.Kg1 
Rae8 29.Rb3 Bc8 30.Rbe3 Bf5 31.Bd1 h4 32.a3 Bc8 33.Bc2 Bf5 34.Bd1 Bc8 35.
Bg4 Nf5 36.Bxf5 Bxf5 37.e6 f6 38.Nf7 Rh5 39.Nd6 Rd8 40.Nxf5+ Rxf5 41.Qxh4 
Re8 42.Qg3 Rg5 43.Qh2 Rh5 44.g4 Rh7 45.Rf3 g5 46.Ree3 Qd8 47.Rf5 Kg6 48.f4
Rhe7 49.Qc2 Kg7 50.fxg5 Rxe6 51.gxf6+ Kf7 52.Rfe5 Rxe5 53.dxe5 d4 54.Qh7+ 
Ke6 55.Qf5+ Kd5 56.e6+ 1-0

[Event "LXV C.to Italiano"]
[Site "Cremona ITA"]
[Date "2005.12.02"]
[Round "9"]
[White "Piscopo, Pierluigi"]
[Black "Manca, Federico"]
[Result "1/2-1/2"]
[WhiteElo "2399"]
[BlackElo "2408"]
[PlyCount "81"]
[EventDate "2005.11.23"]

1.e4 g6 2.d4 Bg7 3.Nc3 c6 4.h3 d5 5.Nf3 Nf6 6.Bd3 dxe4 7.Nxe4 Nxe4 8.Bxe4 
Nd7 9.c3 O-O 10.O-O Qc7 11.Bc2 b6 12.Re1 e6 13.Qe2 c5 14.Be3 Bb7 15.Rad1 
Rad8 16.Bb3 cxd4 17.cxd4 Nf6 18.Bg5 h6 19.Bh4 Qf4 20.Qe5 Qxe5 21.dxe5 Rxd1
22.Rxd1 Bxf3 23.gxf3 Nh5 24.Be7 Rc8 25.Bd6 Nf4 26.h4 Ne2+ 27.Kg2 Nc1 28.
Ba4 Nxa2 29.Ra1 Nc1 30.Bd7 Rc2 31.Rxa7 Nd3 32.Be8 Bxe5 33.Bxf7+ Kh8 34.
Bxe5+ Nxe5 35.Bxe6 Rxb2 36.f4 Nd3 37.Rf7 Rxf2+ 38.Kg3 Rxf4 39.Rxf4 Nxf4 
40.Kxf4 g5+ 41.hxg5 1/2-1/2

[Event "LXV C.to Italiano"]
[Site "Cremona ITA"]
[Date "2005.12.02"]
[Round "9"]
[White "Pizzuto, Samuele Tullio"]
[Black "Contin, Daniel"]
[Result "0-1"]
[WhiteElo "2219"]
[BlackElo "2385"]
[PlyCount "62"]
[EventDate "2005.11.23"]

1.d4 e6 2.Nc3 d5 3.Nf3 Bb4 4.Qd3 Nf6 5.Bg5 h6 6.Bxf6 Qxf6 7.a3 Bf8 8.e4 c6
9.g3 Qd8 10.Bg2 Be7 11.O-O Nd7 12.Rfe1 O-O 13.Rad1 a5 14.Nd2 Re8 15.a4 b6 
16.Qf3 Bb7 17.h4 Rc8 18.Qf4 Qc7 19.Qxc7 Rxc7 20.Nf1 Bb4 21.Re3 Rd8 22.Ne2 
Ba6 23.Nf4 c5 24.exd5 cxd4 25.Rb3 Nc5 26.Rf3 e5 27.Nh5 Be2 28.Rc1 Bxf3 29.
Bxf3 Nxa4 30.g4 Nxb2 31.Be4 d3 0-1

[Event "LXV C.to Italiano"]
[Site "Cremona ITA"]
[Date "2005.12.02"]
[Round "9"]
[White "Rossi, Carlo"]
[Black "Ronchetti, Niccolo'"]
[Result "1-0"]
[WhiteElo "2357"]
[BlackElo "2402"]
[PlyCount "71"]
[EventDate "2005.11.23"]

1.Nf3 Nf6 2.g3 g6 3.b3 Bg7 4.Bb2 O-O 5.Bg2 c5 6.O-O Nc6 7.c4 d6 8.Nc3 Bd7 
9.d4 cxd4 10.Nxd4 Qa5 11.Nd5 Nxd5 12.cxd5 Nxd4 13.Bxd4 Rfc8 14.Bxg7 Kxg7 
15.Qd4+ Kg8 16.Qe3 Qd8 17.Rad1 b6 18.Rd4 Rc7 19.h4 h5 20.Bf3 Qf8 21.Rfd1 
Kg7 22.Re4 Bf5 23.Rf4 Bd7 24.Rdd4 Re8 25.Rc4 Rxc4 26.Rxc4 Rc8 27.Rxc8 Qxc8
28.Qxe7 Qc7 29.Kh2 Kg8 30.Bg2 b5 31.Bh3 f5 32.Bg2 b4 33.e4 fxe4 34.Bxe4 
Qb6 35.Qxd7 Qxf2+ 36.Bg2 1-0

[Event "LXV C.to Italiano"]
[Site "Cremona ITA"]
[Date "2005.12.03"]
[Round "10"]
[White "Arlandi, Ennio"]
[Black "Pizzuto, Samuele Tullio"]
[Result "1-0"]
[WhiteElo "2439"]
[BlackElo "2219"]
[PlyCount "73"]
[EventDate "2005.11.23"]

1.d4 d5 2.c4 Nc6 3.cxd5 Qxd5 4.e3 e5 5.Nc3 Bb4 6.a3 Bxc3+ 7.bxc3 Nf6 8.f3 
O-O 9.c4 Qd6 10.d5 Ne7 11.e4 Nd7 12.Nh3 Nc5 13.Nf2 f5 14.Bd3 Qg6 15.O-O 
Bd7 16.Bb2 Rae8 17.Re1 Nc8 18.exf5 Bxf5 19.Bxf5 Qxf5 20.Re3 Nd6 21.Qe2 e4 
22.Nxe4 Ncxe4 23.fxe4 Rxe4 24.Rxe4 Nxe4 25.Rd1 Qg6 26.Bd4 Ng5 27.Kh1 Re8 
28.Qa2 Qe4 29.Bf2 Qg4 30.Re1 Ne4 31.c5 Rf8 32.d6+ Kh8 33.Qe2 Qxe2 34.Rxe2 
Rxf2 35.Rxf2 Nxf2+ 36.Kg1 cxd6 37.cxd6 1-0

[Event "LXV C.to Italiano"]
[Site "Cremona ITA"]
[Date "2005.12.03"]
[Round "10"]
[White "Borgo, Giulio"]
[Black "Bruno, Fabio"]
[Result "1-0"]
[WhiteElo "2408"]
[BlackElo "2417"]
[PlyCount "49"]
[EventDate "2005.11.23"]

1.e4 c5 2.Nf3 Nc6 3.Bb5 e6 4.Bxc6 bxc6 5.O-O Ne7 6.d3 Ng6 7.Ng5 h6 8.Nh3 
d5 9.f4 dxe4 10.dxe4 Qd4+ 11.Nf2 Ba6 12.Re1 Rb8 13.Qf3 c4 14.Nc3 Qd7 15.f5
Ne7 16.Bf4 Rxb2 17.Rad1 Qc8 18.fxe6 Qxe6 19.Nd5 Rb7 20.Nc7+ Rxc7 21.Bxc7 
f6 22.Qh5+ g6 23.Qa5 Bc8 24.Rd6 Qg8 25.e5 1-0

[Event "LXV C.to Italiano"]
[Site "Cremona ITA"]
[Date "2005.12.03"]
[Round "10"]
[White "Cacco, Christian"]
[Black "Piscopo, Pierluigi"]
[Result "1/2-1/2"]
[WhiteElo "2393"]
[BlackElo "2399"]
[PlyCount "95"]
[EventDate "2005.11.23"]

1.d4 c5 2.c3 e6 3.Nf3 Nf6 4.a3 b6 5.Bf4 Bb7 6.Nbd2 Be7 7.e3 O-O 8.h3 d6 9.
Be2 cxd4 10.cxd4 Nbd7 11.O-O a6 12.Rc1 Re8 13.Nc4 Ne4 14.Nfd2 Ndf6 15.Nxe4
Nxe4 16.f3 Nf6 17.Qd2 Nd5 18.Bg3 b5 19.Na5 Nxe3 20.Nxb7 Nxf1 21.Kxf1 Qb6 
22.Na5 Rac8 23.Rxc8 Rxc8 24.b4 Bf6 25.Nb3 Qc6 26.Bd1 Qd5 27.Bf4 Qc4+ 28.
Kf2 e5 29.Be3 h5 30.dxe5 Bxe5 31.Nd4 g6 32.g4 hxg4 33.hxg4 d5 34.a4 bxa4 
35.Bxa4 Bd6 36.Bb3 Qxb4 37.Qxb4 Bxb4 38.Bxd5 Rd8 39.Bc4 Bc5 40.Nb3 Bxe3+ 
41.Kxe3 Rb8 42.Kd4 Kg7 43.Kc5 Kf6 44.Na5 Kg5 45.Nc6 Rf8 46.Ne5 Kf4 47.Kd4 
Re8 48.Nxf7 1/2-1/2

[Event "LXV C.to Italiano"]
[Site "Cremona ITA"]
[Date "2005.12.03"]
[Round "10"]
[White "Contin, Daniel"]
[Black "Rossi, Carlo"]
[Result "1-0"]
[WhiteElo "2385"]
[BlackElo "2357"]
[PlyCount "85"]
[EventDate "2005.11.23"]

1.c4 Nc6 2.Nc3 d6 3.g3 Bd7 4.Bg2 Qc8 5.Rb1 e5 6.b4 Be7 7.d3 Bd8 8.b5 Nce7 
9.Ba3 Nf6 10.Qb3 O-O 11.c5 Be6 12.Qc2 d5 13.Nf3 Bh3 14.Bxh3 Qxh3 15.Nxe5 
Qg2 16.Rf1 Nf5 17.c6 Re8 18.cxb7 Rb8 19.Nc6 Ng4 20.e4 Nxh2 21.Qe2 Nf3+ 22.
Kd1 N5d4 23.Nxd4 Nxd4 24.Qe3 Qxf1+ 25.Kd2 Qg2 26.Qxd4 Bf6 27.Qxa7 Bxc3+ 
28.Kxc3 dxe4 29.Re1 f5 30.Bc5 Qf3 31.Re3 Qh1 32.dxe4 Qc1+ 33.Kb4 Qb2+ 34.
Kc4 Qc2+ 35.Kd5 Rbd8+ 36.Kc6 Qc4 37.exf5 Rd6+ 38.Kxc7 Red8 39.Re8+ Rxe8 
40.Kxd6 Qxb5 41.Kc7 Kf7 42.Qb6 Qc4 43.Qb3 1-0

[Event "LXV C.to Italiano"]
[Site "Cremona ITA"]
[Date "2005.12.03"]
[Round "10"]
[White "Ronchetti, Niccolo'"]
[Black "Godena, Michele"]
[Result "1/2-1/2"]
[WhiteElo "2402"]
[BlackElo "2502"]
[PlyCount "31"]
[EventDate "2005.11.23"]

1.e4 e5 2.Bc4 Nf6 3.d3 Nc6 4.Nf3 Bc5 5.c3 a6 6.Bb3 d6 7.Nbd2 O-O 8.h3 Ba7 
9.Nf1 Ne7 10.Ng3 Ng6 11.O-O b5 12.a4 Bb7 13.Re1 Re8 14.Nh2 Nd7 15.Qf3 Rf8 
16.Nf5 1/2-1/2

[Event "LXV C.to Italiano"]
[Site "Cremona ITA"]
[Date "2005.12.03"]
[Round "10"]
[White "Scalcione, Michelangelo"]
[Black "Manca, Federico"]
[Result "1/2-1/2"]
[WhiteElo "2284"]
[BlackElo "2408"]
[PlyCount "31"]
[EventDate "2005.11.23"]

1.Nf3 d5 2.d4 e6 3.c4 c5 4.cxd5 exd5 5.Nc3 Nc6 6.g3 Nf6 7.Bg2 Be7 8.O-O 
O-O 9.Bg5 cxd4 10.Nxd4 h6 11.Bxf6 Bxf6 12.e3 Nxd4 13.exd4 Be6 14.Qb3 Bxd4 
15.Bxd5 Bxc3 16.Bxe6 1/2-1/2

[Event "LXV C.to Italiano"]
[Site "Cremona ITA"]
[Date "2005.12.04"]
[Round "11"]
[White "Bruno, Fabio"]
[Black "Scalcione, Michelangelo"]
[Result "1-0"]
[WhiteElo "2417"]
[BlackElo "2284"]
[PlyCount "55"]
[EventDate "2005.11.23"]

1.c4 c5 2.b3 b6 3.Nf3 Nf6 4.Bb2 Bb7 5.e3 e6 6.Nc3 Be7 7.d4 cxd4 8.exd4 O-O
9.Bd3 Nc6 10.O-O d5 11.Rc1 Bd6 12.cxd5 exd5 13.Re1 Nb4 14.Bf1 Bf4 15.Ra1 
Re8 16.Rxe8+ Qxe8 17.g3 Bd6 18.Nb5 Bb8 19.Qd2 Nc6 20.Re1 Ne4 21.Ng5 Ne5 
22.Rxe4 dxe4 23.dxe5 h6 24.e6 f6 25.Nf7 e3 26.fxe3 Qc6 27.Qd8+ Kh7 28.Bd3+
1-0

[Event "LXV C.to Italiano"]
[Site "Cremona ITA"]
[Date "2005.12.04"]
[Round "11"]
[White "Manca, Federico"]
[Black "Cacco, Christian"]
[Result "1/2-1/2"]
[WhiteElo "2408"]
[BlackElo "2393"]
[PlyCount "39"]
[EventDate "2005.11.23"]

1.e4 g6 2.d4 Bg7 3.Nc3 c6 4.Nf3 d6 5.a4 a5 6.Be2 Nf6 7.O-O O-O 8.h3 Na6 9.
Be3 Nc7 10.Qd2 Bd7 11.Bh6 Nfe8 12.Rad1 Be6 13.Rfe1 f6 14.Bf1 Bf7 15.Bxg7 
Nxg7 16.Ne2 e5 17.Ng3 Qb8 18.Qc3 Rd8 19.Bc4 Nge6 20.Qe3 1/2-1/2

[Event "LXV C.to Italiano"]
[Site "Cremona ITA"]
[Date "2005.12.04"]
[Round "11"]
[White "Piscopo, Pierluigi"]
[Black "Ronchetti, Niccolo'"]
[Result "0-1"]
[WhiteElo "2399"]
[BlackElo "2402"]
[PlyCount "98"]
[EventDate "2005.11.23"]

1.e4 c5 2.Nf3 Nc6 3.d4 cxd4 4.Nxd4 Nf6 5.Nc3 e5 6.Ndb5 d6 7.Bg5 a6 8.Na3 
b5 9.Bxf6 gxf6 10.Nd5 f5 11.c3 Bg7 12.exf5 Bxf5 13.Nc2 O-O 14.Nce3 Bg6 15.
h4 Be4 16.a4 Ne7 17.Nxe7+ Qxe7 18.Bd3 Bc6 19.Bc2 e4 20.axb5 axb5 21.Rxa8 
Rxa8 22.O-O Be5 23.Qh5 Qe6 24.Nf5 Kh8 25.f3 Qg6 26.Qxg6 hxg6 27.Ne7 e3 28.
Nxc6 e2 29.Rb1 Bg3 30.Bd3 e1=Q+ 31.Rxe1 Bxe1 32.Bxb5 Ra2 33.b4 Bxc3 34.Bc4
Rb2 35.b5 Kg7 36.Kf1 Bf6 37.g3 Bc3 38.g4 Bf6 39.g5 Bc3 40.Ne7 Be5 41.Bd3 
Bd4 42.h5 Rf2+ 43.Ke1 Rxf3 44.h6+ Kh7 45.Be2 Rg3 46.Nc8 d5 47.b6 Rb3 48.
Ne7 Bxb6 49.Nxd5 Bd8 0-1

[Event "LXV C.to Italiano"]
[Site "Cremona ITA"]
[Date "2005.12.04"]
[Round "11"]
[White "Pizzuto, Samuele Tullio"]
[Black "Borgo, Giulio"]
[Result "0-1"]
[WhiteElo "2219"]
[BlackElo "2408"]
[PlyCount "78"]
[EventDate "2005.11.23"]

1.d4 Nf6 2.Nc3 d6 3.Bg5 Nbd7 4.e4 e5 5.Nf3 c6 6.a4 Be7 7.Bc4 O-O 8.Bb3 Qc7
9.O-O Re8 10.Re1 h6 11.Bh4 b6 12.d5 Bb7 13.dxc6 Bxc6 14.Qe2 Rac8 15.Rad1 
Nc5 16.Bxf6 Bxf6 17.Nd5 Bxd5 18.Bxd5 Nxa4 19.c3 Nc5 20.Nd2 g6 21.Nc4 Red8 
22.Qg4 Kg7 23.Ne3 Bg5 24.Nf1 Qd7 25.Qf3 h5 26.Ba2 Rc7 27.g3 a5 28.h4 Bh6 
29.Nh2 a4 30.Bd5 b5 31.Qe2 Rb8 32.Rf1 Qh3 33.Nf3 b4 34.Ng5 Qg4 35.Nf3 bxc3
36.bxc3 a3 37.Kg2 Rb2 38.Qe1 Bf4 39.Nd2 Nd3 0-1

[Event "LXV C.to Italiano"]
[Site "Cremona ITA"]
[Date "2005.12.04"]
[Round "11"]
[White "Rossi, Carlo"]
[Black "Arlandi, Ennio"]
[Result "0-1"]
[WhiteElo "2357"]
[BlackElo "2439"]
[PlyCount "74"]
[EventDate "2005.11.23"]

1.e4 c5 2.Nf3 e6 3.b4 cxb4 4.d4 b6 5.a3 Nf6 6.Bd3 a5 7.axb4 Bxb4+ 8.c3 Be7
9.O-O d6 10.Na3 Nbd7 11.Nb5 Ba6 12.Qe2 Bxb5 13.Bxb5 O-O 14.e5 dxe5 15.Nxe5
Nxe5 16.Qxe5 Bd6 17.Qe2 Qc7 18.Qf3 Bxh2+ 19.Kh1 Bd6 20.Ra4 Nd5 21.Bd3 b5 
22.Bxb5 Qxc3 23.Bd3 Rfc8 24.g3 g6 25.Kg2 Nb4 26.Ra3 Qc6 27.Be4 Nd5 28.Bd2 
Bxa3 29.Qxa3 a4 30.Bb4 Rab8 31.Bc5 Rb3 32.Qc1 f5 33.Bf3 e5 34.Qd1 e4 35.
Be2 Rc3 36.Qb1 e3 37.Qa2 Rc2 0-1